| 000 | 00539nam a22001337a 4500 | ||
|---|---|---|---|
| 040 | _cRUA | ||
| 082 | _aGRS TOU 2017 B641 Or.1 | ||
| 100 | _aTOUCH SENGLEY ទូច សេងឡី | ||
| 245 | _a effects of flour tomato juice quality ឥទ្ធិពលនៃប្រភេទម្សៅនៅលើគុណភាពទឹកប៉េងប៉ោះ | ||
| 260 |
_aRUA _bPhnom penh _c2017 |
||
| 300 |
_aix;25p _bill; _c29cm |
||
| 856 | _uhttps://drive.google.com/file/d/1qa1c97yIsZEee4jCcEQgRWlmDk8Kpxqt/view?usp=sharing | ||
| 942 | _cGRS | ||
| 999 |
_c18077 _d18077 |
||